Voice disorders : scope of theory and practice
| Main Author: | Ferrand, Carole T |
|---|---|
| Published: |
Boston:
Pearson,
2012.
|
| Subjects: |
| LEADER | 00558cam a2200169 7i4500 | ||
|---|---|---|---|
| 001 | 0000045787 | ||
| 005 | 20231227090000.0 | ||
| 020 | |a 0205540538 (hbk.) | ||
| 020 | |a 9780205540532 (hbk.) | ||
| 090 | 0 | 0 | |a RF510 |b .F47 2012 |
| 100 | 1 | |a Ferrand, Carole T | |
| 245 | 1 | 0 | |a Voice disorders : |b scope of theory and practice |c Carole T. Ferrand. |
| 260 | |a Boston: |b Pearson, |c 2012. | ||
| 300 | |a xxiii, 551 p.: |b col. ill.; |c 26 cm. | ||
| 650 | 0 | 0 | |a Voice disorders |
| 997 | |a Education & Social Sciences, Faculty | ||
| 999 | |a 0000055303 |b BOK |c OPEN SHELF |e 2nd Floor, Bestari Jaya | ||


